000 00308nam a2200133Ia 4500
005 20260326100025.0
008 260326s9999||||xx |||||||||||||| ||und||
100 _aGaudi, Antoní
245 0 _aAntoni Gaudí /
_cAntoní Gaudi
260 _bBruguera
300 _a151 p.
650 _aARQUITECTOS
942 _cBK
999 _c6335
_d6335